000 00488nam a22001697a 4500
005 20251108172120.0
008 250721s1986 xx 000 0 ara d
082 1 4 _a816.3/جاب
100 1 _aقمحية، جابر
245 1 0 _aأدب الرسائل في صدر الإسلام /
264 1 _aالقاهرة :
_bدار الفكر العربي،
_c1986.
300 _a
650 1 7 _aالرسائل
650 1 7 _aالعصر الإسلامي
942 _2ddc
_cBK
999 _c70842
_d70842